Guardians of the Galaxy Characters - Statistics

General Stats
  • This quiz has been taken 12 times
  • The average score is 11 of 15
Answer Stats
Actor Character % Correct
Dave Bautista Drax
100%
Zoe Saldana Gamora
100%
Vin Diesel Groot
100%
Karen Gillan Nebula
100%
Chris Pratt Peter Quill
100%
Bradley Cooper Rocket
100%
Lee Pace Ronan
78%
Benecio Del Toro The Collector
78%
Michael Rooker Yondu Udonta
67%
Sean Gunn Kraglin
56%
Glenn Close Nova Prime
56%
Djimon Hounsou Korath
44%
John C. Reilly Corpsman Dey
33%
Peter Serafinowicz Denarian Saal
33%
Laura Haddock Meredith Quill
33%
No matching quizzes found
Score Distribution
Percent of People with Each Score
Percentile by Number Answered
Your Score History
You have not taken this quiz